[Event "DEN-ch"]
[Site "Elsinore"]
[Date "2013.03.30"]
[Round "8"]
[White "Palo, Davor"]
[Black "Ziska, Helgi Dam"]
[Result "1-0"]
[WhiteElo "2551"]
[BlackElo "2461"]
[PlyCount "71"]
[EventDate "2013.03.23"]
[EventType "tourn"]
[EventRounds "9"]
[EventCountry "DEN"]
[EventCategory "9"]
[Source "ChessBase"]
[SourceDate "2013.04.22"]

1. d4 Nf6 2. c4 g6 3. f3 Bg7 4. e4 d6 5. Nc3 O-O 6. Nge2 c5 7. d5 e6 8. Ng3
exd5 9. cxd5 Nbd7 10. Be2 h5 11. Bg5 Qb6 12. Qd2 Nh7 13. Bf4 Ne5 14. O-O Bd7
15. Nh1 Qd8 16. Nf2 h4 17. Be3 f5 18. Rae1 b5 19. f4 Nc4 20. Bxc4 bxc4 21. e5
dxe5 22. Bxc5 Re8 23. fxe5 Rxe5 24. Rxe5 Bxe5 25. d6 Bc6 26. Re1 Bxc3 27. Qxc3
Qf6 28. Qxc4+ Qf7 29. Qxf7+ Kxf7 30. Re7+ Kg8 31. Bd4 Re8 32. Rg7+ Kf8 33. Nd3
Re4 34. Bc3 Ng5 35. d7 Ne6 36. Nc5 1-0

[Event "DEN-ch"]
[Site "Elsinore"]
[Date "2013.03.23"]
[Round "1"]
[White "Palo, Davor"]
[Black "Pedersen, Christian Kyndel"]
[Result "1-0"]
[WhiteElo "2551"]
[BlackElo "2443"]
[PlyCount "43"]
[EventDate "2013.03.23"]
[EventType "tourn"]
[EventRounds "9"]
[EventCountry "DEN"]
[EventCategory "9"]
[Source "ChessBase"]
[SourceDate "2013.04.22"]

1. d4 Nf6 2. c4 e6 3. Nc3 Bb4 4. Qc2 O-O 5. e4 d5 6. e5 Nfd7 7. a3 Bxc3+ 8.
bxc3 f6 9. Nf3 dxc4 10. Bxc4 Nb6 11. Ba2 Nc6 12. exf6 gxf6 13. Bh6 Rf7 14. O-O
Ne7 15. Nh4 Qd6 16. f4 c5 17. Qe2 f5 18. Rf3 Kh8 19. Rg3 Ned5 20. Qh5 Qe7 21.
Ng6+ hxg6 22. Bg7+ 1-0

[Event "DEN-ch"]
[Site "Elsinore"]
[Date "2013.03.27"]
[Round "5"]
[White "Palo, Davor"]
[Black "Rasmussen, Allan Stig"]
[Result "1/2-1/2"]
[WhiteElo "2551"]
[BlackElo "2511"]
[PlyCount "22"]
[EventDate "2013.03.23"]
[EventType "tourn"]
[EventRounds "9"]
[EventCountry "DEN"]
[EventCategory "9"]
[Source "ChessBase"]
[SourceDate "2013.04.22"]

1. d4 d5 2. c4 dxc4 3. Nf3 Nf6 4. e3 e6 5. Bxc4 c5 6. O-O Nc6 7. Qe2 a6 8. Rd1
b5 9. dxc5 Qc7 10. Bd3 Bxc5 11. a4 bxa4 1/2-1/2

[Event "DEN-ch"]
[Site "Elsinore"]
[Date "2013.03.27"]
[Round "5"]
[White "Pedersen, Christian Kyndel"]
[Black "Antonsen, Mikkel"]
[Result "1/2-1/2"]
[WhiteElo "2443"]
[BlackElo "2446"]
[PlyCount "105"]
[EventDate "2013.03.23"]
[EventType "tourn"]
[EventRounds "9"]
[EventCountry "DEN"]
[EventCategory "9"]
[Source "ChessBase"]
[SourceDate "2013.04.22"]

1. e4 e5 2. Nf3 Nc6 3. Bb5 Nf6 4. d3 Bc5 5. c3 O-O 6. O-O Re8 7. Re1 a6 8. Ba4
b5 9. Bb3 d6 10. a4 b4 11. a5 bxc3 12. bxc3 h6 13. h3 Ba7 14. Nbd2 Ne7 15. Nf1
Ng6 16. Ng3 d5 17. exd5 Nxd5 18. d4 Be6 19. Bd2 exd4 20. Nxd4 Bxd4 21. cxd4 Nf6
22. Bxe6 Rxe6 23. Rxe6 fxe6 24. Qc2 Nh4 25. Qc6 Qd5 26. Rc1 Rb8 27. Be3 Rb1 28.
Qxd5 Rxc1+ 29. Bxc1 exd5 30. f3 Kf7 31. Ba3 g6 32. Kf2 Nf5 33. Nxf5 gxf5 34.
Bc1 h5 35. Bf4 c6 36. Ke3 Nh7 37. Bd6 Ke6 38. Bb4 Ng5 39. Kf4 Nf7 40. g4 fxg4
41. fxg4 hxg4 42. hxg4 Kf6 43. Bc5 Nh8 44. g5+ Ke6 45. Kg4 Ng6 46. Ba3 Nh8 47.
Bb4 Ng6 48. Bc5 Nh8 49. Bb6 Ng6 50. Bc5 Nh8 51. Ba3 Ng6 52. Bc1 Ne7 53. Ba3
1/2-1/2

[Event "DEN-ch"]
[Site "Elsinore"]
[Date "2013.03.29"]
[Round "7"]
[White "Pedersen, Christian Kyndel"]
[Black "Andersen, Mads"]
[Result "1-0"]
[WhiteElo "2443"]
[BlackElo "2470"]
[PlyCount "137"]
[EventDate "2013.03.23"]
[EventType "tourn"]
[EventRounds "9"]
[EventCountry "DEN"]
[EventCategory "9"]
[Source "ChessBase"]
[SourceDate "2013.04.22"]

1. d4 d5 2. c4 c6 3. Nf3 Nf6 4. Nc3 e6 5. Bg5 h6 6. Bxf6 Qxf6 7. e3 g6 8. Be2
Bg7 9. e4 dxe4 10. Nxe4 Qf4 11. Qc2 O-O 12. c5 b6 13. O-O bxc5 14. dxc5 Ba6 15.
Rfd1 Bxe2 16. Qxe2 a5 17. g3 Qc7 18. Rd6 Na6 19. Rad1 Nb4 20. a3 Nd5 21. Nd4
Qb7 22. Nxc6 Qxb2 23. Qf3 a4 24. h4 Rae8 25. h5 g5 26. Qd3 Qb3 27. Nd4 Qxd3 28.
Rxd3 Rb8 29. Kg2 Rb2 30. Ra6 Rc8 31. Rxa4 Bxd4 32. Raxd4 f5 33. Nc3 Rc2 34.
Nxd5 exd5 35. Rxd5 R2xc5 36. Rxc5 Rxc5 37. Rd6 Kg7 38. Ra6 Rc3 39. a4 Ra3 40.
a5 g4 41. Rg6+ Kh7 42. a6 Ra2 43. Rf6 Kg7 44. Rxf5 Rxa6 45. Rf4 Ra5 46. Rxg4+
Kh7 47. Rh4 Kg7 48. g4 Kf6 49. Kg3 Ra3+ 50. f3 Kg5 51. Rh1 Ra4 52. Rb1 Rc4 53.
f4+ Kf6 54. Rb6+ Kg7 55. Rb7+ Kg8 56. g5 Rc5 57. g6 Rxh5 58. Kg4 Rh1 59. Kf5
Ra1 60. Rh7 Ra5+ 61. Kg4 Ra1 62. f5 Rg1+ 63. Kf4 Rh1 64. Ke5 h5 65. Kf6 Ra1 66.
Rxh5 Ra6+ 67. Kg5 Kg7 68. f6+ Kg8 69. f7+ 1-0

[Event "DEN-ch"]
[Site "Elsinore"]
[Date "2013.03.31"]
[Round "9"]
[White "Pedersen, Christian Kyndel"]
[Black "Akdag, Dara"]
[Result "1/2-1/2"]
[WhiteElo "2443"]
[BlackElo "2251"]
[PlyCount "102"]
[EventDate "2013.03.23"]
[EventType "tourn"]
[EventRounds "9"]
[EventCountry "DEN"]
[EventCategory "9"]
[Source "ChessBase"]
[SourceDate "2013.04.22"]

1. Nf3 c5 2. c4 Nf6 3. Nc3 Nc6 4. d4 cxd4 5. Nxd4 e6 6. a3 Bc5 7. Nb3 Be7 8. e4
b6 9. Be2 Ba6 10. Bf4 O-O 11. O-O d6 12. Rc1 Rc8 13. f3 Ne5 14. Nb5 Bxb5 15.
cxb5 Ng6 16. Be3 d5 17. exd5 Nxd5 18. Bf2 Rxc1 19. Nxc1 Bg5 20. Nb3 Qf6 21. Qd4
Rc8 22. Bd1 Ne5 23. h4 Bf4 24. Qe4 Nc4 25. Bc2 g6 26. Rb1 Nce3 27. Bd3 Nf5 28.
Nd4 Nxh4 29. g3 Bxg3 30. Bxg3 Qxd4+ 31. Kh1 Nf5 32. Be5 Qf2 33. Rg1 Qh4+ 34.
Qxh4 Nxh4 35. Be4 Ne3 36. Bb7 Rc2 37. Be4 Rc8 38. Bb7 Rc4 39. Re1 Nhf5 40. Re2
Rc5 41. Bb8 h5 42. Kh2 g5 43. Bc6 g4 44. fxg4 hxg4 45. Bxa7 Rc1 46. Bb8 Rc4 47.
Kg1 f6 48. Kf2 Nd1+ 49. Ke1 Nde3 50. Kf2 Nd1+ 51. Ke1 Nde3 1/2-1/2

[Event "DEN-ch"]
[Site "Elsinore"]
[Date "2013.03.24"]
[Round "2"]
[White "Pedersen, Christian Kyndel"]
[Black "Ziska, Helgi Dam"]
[Result "1/2-1/2"]
[WhiteElo "2443"]
[BlackElo "2461"]
[PlyCount "214"]
[EventDate "2013.03.23"]
[EventType "tourn"]
[EventRounds "9"]
[EventCountry "DEN"]
[EventCategory "9"]
[Source "ChessBase"]
[SourceDate "2013.04.22"]

1. e4 c5 2. Nf3 d6 3. d4 cxd4 4. Nxd4 Nf6 5. Nc3 a6 6. Be3 e5 7. Nb3 Be6 8. Qd2
Nbd7 9. f3 h5 10. O-O-O Be7 11. Kb1 Qc7 12. g3 b5 13. Nd5 Nxd5 14. exd5 Bf5 15.
Bd3 Bxd3 16. Qxd3 Qc4 17. Qxc4 bxc4 18. Na5 Rc8 19. b3 cxb3 20. axb3 h4 21. c4
Nb8 22. Kc2 Bd8 23. Nb7 Bc7 24. b4 Nd7 25. c5 dxc5 26. bxc5 Nxc5 27. Bxc5 Bb6
28. Kd3 Bxc5 29. Rc1 hxg3 30. Nxc5 Rxh2 31. Rhg1 g2 32. Ke3 Rh1 33. Kf2 a5 34.
Rc3 Rxg1 35. Kxg1 Rd8 36. Rd3 Rc8 37. Nb7 Kd7 38. Nxa5 Rc2 39. d6 Rc5 40. Nb3
Rc6 41. Kxg2 Rxd6 42. Nc5+ Ke7 43. Re3 Rd5 44. Nd3 f6 45. Kg3 Kf7 46. Nf2 f5
47. Ra3 g5 48. Ra6 Rd2 49. Nh3 g4 50. fxg4 Rd3+ 51. Kh4 Rd4 52. Ng5+ Ke7 53.
Re6+ Kd7 54. Rxe5 fxg4 55. Ne4 Rd1 56. Kxg4 Rg1+ 57. Kf5 Rf1+ 58. Kg6 Rg1+ 59.
Ng5 Rf1 60. Re6 Rd1 61. Re2 Rf1 62. Ne4 Rf4 63. Kg5 Rf3 64. Nc5+ Kd6 65. Ne6
Ra3 66. Kf5 Rf3+ 67. Nf4 Rf1 68. Ke4 Rd1 69. Ra2 Re1+ 70. Kd4 Rd1+ 71. Nd3 Rh1
72. Ra6+ Ke7 73. Nf2 Rh4+ 74. Ne4 Rh1 75. Ng3 Rd1+ 76. Ke5 Re1+ 77. Ne4 Kd7 78.
Rd6+ Ke7 79. Rd4 Ra1 80. Rc4 Ra5+ 81. Nc5 Ra1 82. Rc2 Rh1 83. Re2 Rh5+ 84. Kd4+
Kf7 85. Nd7 Rh4+ 86. Ke5 Rh5+ 87. Kf4 Rd5 88. Ne5+ Ke6 89. Nc4+ Kf6 90. Ke4 Rc5
91. Ne3 Re5+ 92. Kf4 Ke6 93. Ra2 Rh5 94. Ng4 Rh1 95. Ra6+ Kd5 96. Nf6+ Kc4 97.
Ke5 Re1+ 98. Ne4 Rh1 99. Rc6+ Kb5 100. Rc2 Rh5+ 101. Kd4 Rh4 102. Rb2+ Kc6 103.
Rb1 Kc7 104. Kd5 Rh5+ 105. Ke6 Rh6+ 106. Nf6 Kc6 107. Rc1+ Kb5 1/2-1/2

[Event "DEN-ch"]
[Site "Elsinore"]
[Date "2013.03.30"]
[Round "8"]
[White "Rasmussen, Allan Stig"]
[Black "Pedersen, Christian Kyndel"]
[Result "1-0"]
[WhiteElo "2511"]
[BlackElo "2443"]
[PlyCount "163"]
[EventDate "2013.03.23"]
[EventType "tourn"]
[EventRounds "9"]
[EventCountry "DEN"]
[EventCategory "9"]
[Source "ChessBase"]
[SourceDate "2013.04.22"]

1. Nf3 Nf6 2. c4 c5 3. Nc3 Nc6 4. d4 cxd4 5. Nxd4 g6 6. e4 d6 7. Nc2 Bg7 8. Be2
O-O 9. O-O Bd7 10. Be3 Rc8 11. Rc1 a6 12. Qd2 Re8 13. f3 Qa5 14. Rfd1 b5 15.
cxb5 axb5 16. Nxb5 Qxa2 17. Nca3 Be6 18. Nc4 Bxc4 19. Bxc4 Qa5 20. Qf2 Ne5 21.
Bd2 Qd8 22. Bf1 Qd7 23. Qa7 Qxa7+ 24. Nxa7 Rxc1 25. Rxc1 Ra8 26. Be3 d5 27.
exd5 Nxd5 28. Bf2 h5 29. b3 Nf4 30. Rc8+ Rxc8 31. Nxc8 Kf8 32. Bb5 Nfd3 33. Be3
Bf6 34. Kf1 g5 35. g3 Nb4 36. Ke2 g4 37. fxg4 hxg4 38. Nb6 Kg7 39. Bc5 Na2 40.
Kd2 Nf3+ 41. Kd3 Nc3 42. Ba6 Nxh2 43. Nd7 Nd5 44. Bb7 Nc7 45. b4 Nf1 46. Bf2 e6
47. Nxf6 Kxf6 48. Bc6 Ke5 49. b5 Kd6 50. Bg2 Nh2 51. b6 Na6 52. Kc4 Nf3 53. Kb5
Nb8 54. Bc5+ Kd7 55. Bf1 f5 56. Be3 Kd6 57. Bc5+ Kd7 58. Be3 Kd6 59. Bc4 e5 60.
Bd3 Ke6 61. b7 e4 62. Bc4+ Kd6 63. Bf4+ Ne5 64. Kb4 Nbc6+ 65. Kc3 Nb8 66. Bb5
Kd5 67. Kd2 Nf3+ 68. Ke3 Ne5 69. Ke2 Kd6 70. Kd2 Ke6 71. Kc2 Kd6 72. Kb3 Ke6
73. Kc3 Kd5 74. Be8 Na6 75. Ba4 Nb8 76. Bb5 Ke6 77. Kd4 Nf3+ 78. Kc4 Ne5+ 79.
Kc5 Nd3+ 80. Bxd3 exd3 81. Kd4 Na6 82. Ke3 1-0

[Event "DEN-ch"]
[Site "Elsinore"]
[Date "2013.03.26"]
[Round "4"]
[White "Rasmussen, Allan Stig"]
[Black "Akdag, Dara"]
[Result "1-0"]
[WhiteElo "2511"]
[BlackElo "2251"]
[PlyCount "87"]
[EventDate "2013.03.23"]
[EventType "tourn"]
[EventRounds "9"]
[EventCountry "DEN"]
[EventCategory "9"]
[Source "ChessBase"]
[SourceDate "2013.04.22"]

1. Nf3 Nf6 2. c4 c5 3. Nc3 Nc6 4. d4 cxd4 5. Nxd4 e6 6. a3 Bc5 7. Nb3 Be7 8. e4
O-O 9. Be2 d6 10. O-O e5 11. Be3 Be6 12. f3 Rc8 13. Nd5 Nd7 14. Nxe7+ Qxe7 15.
Nc1 Rfd8 16. Qd2 f6 17. Rd1 Nf8 18. Na2 Bf7 19. Nc3 a6 20. Nd5 Bxd5 21. exd5
Nb8 22. b4 Nbd7 23. Rdc1 b6 24. a4 a5 25. c5 dxc5 26. bxa5 bxa5 27. d6 Qe8 28.
Bc4+ Kh8 29. Qd5 Ng6 30. Rab1 Rb8 31. Rxb8 Rxb8 32. Bb5 Qd8 33. Qf7 Ngf8 34.
Bc4 Ng6 35. Bb5 Ngf8 36. Bc4 Ng6 37. Be6 Nb6 38. Bxc5 Nf4 39. Rd1 Nxe6 40. Qxe6
Nxa4 41. Ba7 Ra8 42. d7 h6 43. Rc1 Kh7 44. Rc8 1-0

[Event "DEN-ch"]
[Site "Elsinore"]
[Date "2013.03.25"]
[Round "3"]
[White "Rasmussen, Allan Stig"]
[Black "Kristiansen, Jens"]
[Result "1-0"]
[WhiteElo "2511"]
[BlackElo "2439"]
[PlyCount "181"]
[EventDate "2013.03.23"]
[EventType "tourn"]
[EventRounds "9"]
[EventCountry "DEN"]
[EventCategory "9"]
[Source "ChessBase"]
[SourceDate "2013.04.22"]

1. d4 f5 2. Bg5 g6 3. h4 Bg7 4. Nc3 Nc6 5. Nf3 h6 6. Bf4 d6 7. e4 Nf6 8. e5 Ne4
9. Bb5 O-O 10. Qd3 dxe5 11. Bxc6 exf4 12. Qc4+ Kh8 13. Nxe4 fxe4 14. Bxe4 Bf5
15. Bxf5 Rxf5 16. O-O-O c6 17. Rhe1 Bf6 18. Qd3 Qg8 19. Kb1 Rd8 20. Qe4 Qd5 21.
Qe2 Kg7 22. Rd3 Qb5 23. g4 fxg3 24. fxg3 h5 25. Qe4 Qd5 26. Qe3 Rd6 27. a3 c5
28. dxc5 Qxc5 29. Qxc5 Rxc5 30. Rde3 Rcd5 31. c3 Rd1+ 32. Kc2 Rxe1 33. Rxe1 Rd5
34. Re3 Kf7 35. a4 e6 36. b4 Ke7 37. c4 Rf5 38. Kd3 g5 39. hxg5 Bxg5 40. Nd4
Rf6 41. Re5 Bh6 42. Rb5 b6 43. c5 bxc5 44. Rxc5 Rg6 45. Ne2 Rg4 46. Rxh5 Bg7
47. Rh4 Rg5 48. Re4 Kd6 49. g4 a6 50. a5 Be5 51. Nc1 Kd5 52. Nb3 Bd6 53. Nd2
Rg8 54. Rd4+ Kc6 55. Ne4 Be7 56. Rc4+ Kd7 57. Nf2 Rb8 58. Kc3 Bf6+ 59. Kb3 Be7
60. Nd3 Rf8 61. Rd4+ Kc7 62. Nf4 Kc6 63. Nxe6 Rf3+ 64. Kc4 Rg3 65. Rf4 Bd6 66.
Re4 Rg1 67. Nd4+ Kd7 68. Nf5 Bf8 69. Ne3 Rc1+ 70. Kd3 Rb1 71. Kc3 Rc1+ 72. Kd3
Rb1 73. Nc2 Rg1 74. Rf4 Bd6 75. Rd4 Kc6 76. Ne3 Bf8 77. Re4 Kb5 78. Nc2 Rg3+
79. Kd2 Rg2+ 80. Kc3 Rg3+ 81. Kb2 Rg2 82. Kb3 Rg3+ 83. Ne3 Bh6 84. Re5+ Kc6 85.
Re6+ Kb7 86. Rxh6 Rxe3+ 87. Kc2 Re4 88. Rb6+ Ka7 89. g5 Rg4 90. g6 Rg3 91. Kd2
1-0

[Event "DEN-ch"]
[Site "Elsinore"]
[Date "2013.03.28"]
[Round "6"]
[White "Rasmussen, Allan Stig"]
[Black "Ziska, Helgi Dam"]
[Result "0-1"]
[WhiteElo "2511"]
[BlackElo "2461"]
[PlyCount "78"]
[EventDate "2013.03.23"]
[EventType "tourn"]
[EventRounds "9"]
[EventCountry "DEN"]
[EventCategory "9"]
[Source "ChessBase"]
[SourceDate "2013.04.22"]

1. d4 Nf6 2. c4 g6 3. Nc3 Bg7 4. e4 d6 5. Nf3 O-O 6. Be2 e5 7. O-O Na6 8. Be3
Ng4 9. Bg5 Qe8 10. Re1 exd4 11. Nd5 c6 12. Ne7+ Kh8 13. Nxc8 Rxc8 14. Nxd4 Nf6
15. f3 Qe5 16. Be3 d5 17. cxd5 Nxd5 18. Bf2 Nf4 19. Bxa6 Qg5 20. Bg3 Rcd8 21.
Qc1 Bxd4+ 22. Kh1 Be5 23. Bxb7 h5 24. Rg1 h4 25. Be1 Rb8 26. g3 hxg3 27. Rxg3
Qh5 28. Bc3 Kg8 29. Bxe5 Qxe5 30. Rg4 Nd3 31. Qe3 Rxb7 32. Qxd3 Rxb2 33. f4 Qh5
34. h3 Rd2 35. Qg3 Rfd8 36. Rg5 Rd1+ 37. Rxd1 Rxd1+ 38. Kg2 Rd2+ 39. Kh1 Qd1+
0-1

[Event "DEN-ch"]
[Site "Elsinore"]
[Date "2013.03.23"]
[Round "1"]
[White "Rasmussen, Allan Stig"]
[Black "Hansen, Sune Berg"]
[Result "1/2-1/2"]
[WhiteElo "2511"]
[BlackElo "2566"]
[PlyCount "53"]
[EventDate "2013.03.23"]
[EventType "tourn"]
[EventRounds "9"]
[EventCountry "DEN"]
[EventCategory "9"]
[Source "ChessBase"]
[SourceDate "2013.04.22"]

1. Nf3 d5 2. d4 Nf6 3. c4 c6 4. e3 Bf5 5. Nc3 a6 6. Ne5 Nbd7 7. Qb3 Qc7 8. cxd5
Nxe5 9. dxe5 Nxd5 10. Nxd5 cxd5 11. Bd2 e6 12. Rc1 Qd7 13. Be2 Be7 14. Qb6 Bd8
15. Qb4 Be7 16. Qb6 Bd8 17. Qb4 Be7 18. Qa5 Bd8 19. Qa3 f6 20. exf6 Bxf6 21.
Bh5+ g6 22. Be2 e5 23. Qa5 Bd8 24. Qc3 Bf6 25. Qa5 Bd8 26. Qc3 Bf6 27. Qa5
1/2-1/2

[Event "DEN-ch"]
[Site "Elsinore"]
[Date "2013.03.31"]
[Round "9"]
[White "Schandorff, Lars"]
[Black "Palo, Davor"]
[Result "1/2-1/2"]
[WhiteElo "2513"]
[BlackElo "2551"]
[PlyCount "77"]
[EventDate "2013.03.23"]
[EventType "tourn"]
[EventRounds "9"]
[EventCountry "DEN"]
[EventCategory "9"]
[Source "ChessBase"]
[SourceDate "2013.04.22"]

1. d4 Nf6 2. c4 e6 3. Nc3 Bb4 4. Qc2 O-O 5. a3 Bxc3+ 6. Qxc3 b6 7. Bg5 Ba6 8.
Qf3 Nc6 9. e3 Na5 10. Rc1 c5 11. d5 exd5 12. Bxf6 Qxf6 13. Qxf6 gxf6 14. cxd5
Bxf1 15. Kxf1 Nb3 16. Rc3 c4 17. Ke2 b5 18. Nf3 Rfc8 19. Rd1 Nc5 20. Rd4 Re8
21. Nh4 Ne4 22. Rc2 Nd6 23. Rf4 Kg7 24. Nf5+ Nxf5 25. Rxf5 Re5 26. g4 h5 27.
Rxe5 fxe5 28. gxh5 Rh8 29. Kd2 Rxh5 30. Kc3 e4 31. Kd4 d6 32. Kxe4 Rxh2 33. a4
a6 34. axb5 axb5 35. b3 cxb3 36. Rb2 Kg6 37. Kf3 Rh5 38. Ke4 Rh2 39. Kf3
1/2-1/2

[Event "DEN-ch"]
[Site "Elsinore"]
[Date "2013.03.25"]
[Round "3"]
[White "Schandorff, Lars"]
[Black "Pedersen, Christian Kyndel"]
[Result "1-0"]
[WhiteElo "2513"]
[BlackElo "2443"]
[PlyCount "127"]
[EventDate "2013.03.23"]
[EventType "tourn"]
[EventRounds "9"]
[EventCountry "DEN"]
[EventCategory "9"]
[Source "ChessBase"]
[SourceDate "2013.04.22"]

1. d4 d5 2. c4 c6 3. Nc3 Nf6 4. e3 e6 5. Nf3 Nbd7 6. Qc2 Bd6 7. Bd3 O-O 8. O-O
dxc4 9. Bxc4 a6 10. Rd1 b5 11. Be2 Qc7 12. Ne4 Nxe4 13. Qxe4 Be7 14. Qf4 Qxf4
15. exf4 c5 16. dxc5 Bxc5 17. Nd2 Bb6 18. Bf3 Ra7 19. Ne4 Nf6 20. Nxf6+ gxf6
21. Be3 Bxe3 22. fxe3 Rc7 23. Rac1 Rxc1 24. Rxc1 Rd8 25. b4 e5 26. Rd1 Rxd1+
27. Bxd1 exf4 28. exf4 Be6 29. a3 Bd5 30. Bg4 Bb7 31. Kf2 Kf8 32. Bf5 h6 33. g4
Ke7 34. Kg3 Kf8 35. Kh4 Kg8 36. Kh5 Kg7 37. h3 Bf3 38. Bc8 Bc6 39. Bxa6 Bd7 40.
Bb7 Kh7 41. Bd5 Kg7 42. f5 Be8 43. Ba8 Bd7 44. Bh1 Be8 45. Bd5 Bd7 46. Kh4 Be8
47. Kg3 Kf8 48. Kf4 Ke7 49. Ke3 Kd7 50. Kd4 Kd6 51. Bf3 Bd7 52. Be4 Be8 53. Bd5
Bd7 54. Bxf7 Bc6 55. h4 Bf3 56. Be8 Bxg4 57. Bxb5 Bxf5 58. a4 Bg4 59. a5 f5 60.
Bd3 f4 61. Ke4 f3 62. Ke3 Kd5 63. Be4+ Kc4 64. a6 1-0

[Event "DEN-ch"]
[Site "Elsinore"]
[Date "2013.03.27"]
[Round "5"]
[White "Schandorff, Lars"]
[Black "Hansen, Sune Berg"]
[Result "1/2-1/2"]
[WhiteElo "2513"]
[BlackElo "2566"]
[PlyCount "27"]
[EventDate "2013.03.23"]
[EventType "tourn"]
[EventRounds "9"]
[EventCountry "DEN"]
[EventCategory "9"]
[Source "ChessBase"]
[SourceDate "2013.04.22"]

1. d4 d5 2. c4 c6 3. Nc3 Nf6 4. e3 Bf5 5. cxd5 cxd5 6. Qb3 Nc6 7. Qxb7 Bd7 8.
Qb3 Rb8 9. Qd1 e5 10. Nf3 Bd6 11. Be2 O-O 12. O-O e4 13. Ne1 Qc7 14. g3 1/2-1/2

[Event "DEN-ch"]
[Site "Elsinore"]
[Date "2013.03.29"]
[Round "7"]
[White "Schandorff, Lars"]
[Black "Rasmussen, Allan Stig"]
[Result "1/2-1/2"]
[WhiteElo "2513"]
[BlackElo "2511"]
[PlyCount "63"]
[EventDate "2013.03.23"]
[EventType "tourn"]
[EventRounds "9"]
[EventCountry "DEN"]
[EventCategory "9"]
[Source "ChessBase"]
[SourceDate "2013.04.22"]

1. d4 d5 2. c4 dxc4 3. Nf3 Nf6 4. e3 e6 5. Bxc4 c5 6. O-O a6 7. dxc5 Bxc5 8.
Qxd8+ Kxd8 9. Be2 Ke7 10. Nfd2 Bd7 11. Nb3 Bb6 12. Na3 Nc6 13. Rd1 Ba7 14. Bd2
Ne4 15. Be1 Rhc8 16. Nc4 b5 17. Nca5 f5 18. Kf1 Bb6 19. Rac1 Nxa5 20. Bb4+ Ke8
21. Bxa5 Bxa5 22. Nxa5 Rxc1 23. Rxc1 Rc8 24. Rxc8+ Bxc8 25. Ke1 Kd7 26. Bf3 Nc5
27. b3 Nd3+ 28. Kd2 Nxf2 29. Ke2 Ne4 30. Bxe4 fxe4 31. b4 e5 32. Nb3 1/2-1/2

[Event "DEN-ch"]
[Site "Elsinore"]
[Date "2013.03.29"]
[Round "7"]
[White "Ziska, Helgi Dam"]
[Black "Akdag, Dara"]
[Result "1-0"]
[WhiteElo "2461"]
[BlackElo "2251"]
[PlyCount "35"]
[EventDate "2013.03.23"]
[EventType "tourn"]
[EventRounds "9"]
[EventCountry "DEN"]
[EventCategory "9"]
[Source "ChessBase"]
[SourceDate "2013.04.22"]

1. e4 c5 2. Nc3 d6 3. f4 Nc6 4. Nf3 g6 5. Bb5 Bg7 6. O-O Bd7 7. Bc4 e6 8. d3 a6
9. Qe1 b5 10. Bb3 Nd4 11. Nxd4 Bxd4+ 12. Be3 Bxe3+ 13. Qxe3 Qc7 14. f5 b4 15.
fxe6 fxe6 16. Ne2 O-O-O 17. a3 bxa3 18. Rxa3 1-0

[Event "DEN-ch"]
[Site "Elsinore"]
[Date "2013.03.31"]
[Round "9"]
[White "Ziska, Helgi Dam"]
[Black "Kristiansen, Jens"]
[Result "1-0"]
[WhiteElo "2461"]
[BlackElo "2439"]
[PlyCount "91"]
[EventDate "2013.03.23"]
[EventType "tourn"]
[EventRounds "9"]
[EventCountry "DEN"]
[EventCategory "9"]
[Source "ChessBase"]
[SourceDate "2013.04.22"]

1. e4 d6 2. d4 Nf6 3. Nc3 g6 4. Be3 Bg7 5. Qd2 c6 6. Bh6 Bxh6 7. Qxh6 Qa5 8.
Bd3 c5 9. Nf3 cxd4 10. Nxd4 Nc6 11. Bb5 Bd7 12. O-O-O a6 13. Bxc6 bxc6 14. Rhe1
Qh5 15. Qxh5 Nxh5 16. e5 d5 17. Na4 Nf4 18. g3 Ne6 19. Nxe6 Bxe6 20. Nc5 Kd8
21. Re3 Kc7 22. Rd4 Rhb8 23. Ra3 a5 24. Rf4 g5 25. Nxe6+ fxe6 26. Rf7 Kd7 27.
Rxh7 Rf8 28. Rb3 Ra7 29. f3 Rf5 30. Rh5 Rxe5 31. Kd2 Rf5 32. g4 Re5 33. Re3 Kd6
34. Ke2 Rb7 35. b3 a4 36. Rxe5 Kxe5 37. Rxg5+ Kf6 38. Rg8 axb3 39. axb3 Ra7 40.
Rc8 Ra1 41. Kf2 Ra6 42. h4 e5 43. h5 d4 44. Ke2 Kg5 45. Rg8+ Kf4 46. h6 1-0

[Event "DEN-ch"]
[Site "Elsinore"]
[Date "2013.03.23"]
[Round "1"]
[White "Ziska, Helgi Dam"]
[Black "Schandorff, Lars"]
[Result "1/2-1/2"]
[WhiteElo "2461"]
[BlackElo "2513"]
[PlyCount "32"]
[EventDate "2013.03.23"]
[EventType "tourn"]
[EventRounds "9"]
[EventCountry "DEN"]
[EventCategory "9"]
[Source "ChessBase"]
[SourceDate "2013.04.22"]

1. e4 c6 2. d4 d5 3. e5 Bf5 4. Nf3 e6 5. Be2 c5 6. Nc3 Nc6 7. Be3 Bg4 8. O-O
Bxf3 9. Bxf3 cxd4 10. Bxd4 Nh6 11. Ne2 Nf5 12. c3 Be7 13. Re1 O-O 14. Bg4 Nfxd4
15. Nxd4 Bc5 16. Nf3 Qe7 1/2-1/2

[Event "DEN-ch"]
[Site "Elsinore"]
[Date "2013.03.25"]
[Round "3"]
[White "Ziska, Helgi Dam"]
[Black "Antonsen, Mikkel"]
[Result "1-0"]
[WhiteElo "2461"]
[BlackElo "2446"]
[PlyCount "79"]
[EventDate "2013.03.23"]
[EventType "tourn"]
[EventRounds "9"]
[EventCountry "DEN"]
[EventCategory "9"]
[Source "ChessBase"]
[SourceDate "2013.04.22"]

1. e4 e5 2. Nf3 Nc6 3. Bb5 Nf6 4. d3 Bc5 5. Nc3 d6 6. Na4 Bb6 7. Nxb6 axb6 8.
c3 h6 9. h3 O-O 10. O-O Bd7 11. Ba4 Ne7 12. Bc2 Ng6 13. Nh2 Nh7 14. Qh5 Qe7 15.
f4 exf4 16. Bxf4 Ra5 17. Qf3 Nxf4 18. Qxf4 Ba4 19. Bxa4 Rxa4 20. Qg3 Ra5 21.
Ng4 Kh8 22. Ne3 Rg5 23. Qf4 Qd7 24. Rf2 Rg6 25. Qf5 Qd8 26. Raf1 Nf6 27. Qf3
Nd7 28. Nd5 Nf6 29. Ne3 Rg5 30. Nf5 Nd7 31. Qe2 Rg6 32. Ne3 Kg8 33. Nd5 c6 34.
Ne3 b5 35. Nf5 Kh8 36. Qe3 Kg8 37. Rd1 Re8 38. Qf4 Qf6 39. d4 Qg5 40. Nxh6+ 1-0